EFL Championship Winners - Statistics

General Stats
  • This quiz has been taken 309 times
  • The average score is 22 of 31
Answer Stats
Time Answer % Correct
2022-23 Burnley
93%
2015-16 Burnley
93%
2020-21 Norwich City
91%
2018-19 Norwich City
91%
2003-04 Norwich City
91%
2019-20 Leeds United
86%
2013-14 Leicester City
86%
2021-22 Fulham
84%
2000-01 Fulham
84%
2016-17 Newcastle United
82%
2009-10 Newcastle United
82%
1992-93 Newcastle United
82%
2006-07 Sunderland
75%
2004-05 Sunderland
75%
1998-99 Sunderland
75%
1995-96 Sunderland
75%
2017-18 Wolverhampton Wanderers
75%
2008-09 Wolverhampton Wanderers
75%
2007-08 West Bromwich Albion
74%
2010-11 Queens Park Rangers
66%
2014-15 Bournemouth
64%
1993-94 Crystal Palace
63%
2012-13 Cardiff City
62%
1997-98 Nottingham Forest
62%
1994-95 Middlesbrough
57%
2001-02 Manchester City
56%
2011-12 Reading
54%
2005-06 Reading
54%
2002-03 Portsmouth
50%
1996-97 Bolton Wanderers
49%
1999-00 Charlton Athletic
40%
No matching quizzes found
Score Distribution
Percent of People with Each Score
Percentile by Number Answered
Your Score History
You have not taken this quiz